| 000 | 01411nam a2200301Ia 4500 | ||
|---|---|---|---|
| 001 | 9151 | ||
| 003 | OSt | ||
| 005 | 20250912130449.0 | ||
| 008 | 211022s9999 xx 000 0 und d | ||
| 020 |
_a380300618X _qhardcover |
||
| 020 | _a9783803006189 | ||
| 040 | _cIVS | ||
| 082 |
_a720.92 KRU _b9151 |
||
| 100 | _aKrüger-Heyden, Karsten | ||
| 245 | 0 |
_aAirports / _cJ.S.K., Dipl. Ing. Architekten ;Lektorat: Sigrid Hauser, Ursula Kleefisch-Jobst ; Engl. trans.: Janet Brümmer |
|
| 250 | _a2 edition | ||
| 260 | _aTubingen | ||
| 260 |
_bWasmuth Verlag _aTübingen _c2001 |
||
| 300 |
_a151 pages _billustrations (mostly colour), plans _c31 × 25 cm |
||
| 520 | _aWith ever more people flying to ever more places, airport design grows ever more complicated, pressing, crucial, and fascinating. Leading German firm JSK Architekten have worked intensely on these burgeoning global interchanges, balancing innovation and practicality with an emphasis on people. Completed and ongoing projects in Frankfurt, Dusseldorf, Berlin, and Athens are illustrated here, along with competition designs for airports in Hong Kong and Shanghai. This is Wasmuth's second volume on the work of JSK Architekten. | ||
| 650 | _aAirports | ||
| 650 | _aGermany | ||
| 650 | _aPublic structures | ||
| 650 | _aArchitecture, Modern | ||
| 710 | _aWasmuth Verlag | ||
| 830 | _aArchitektur Im Zusammenhang | ||
| 942 |
_cBK _2ddc _n0 |
||
| 999 |
_c7865 _d7865 |
||